000 00235nam a22001097a 4500
020 _a9781421510927
082 _aK760
100 _aODA, EIICHIRO
245 _aONE PIECE - BAROQUE WORKS - PART 4 - BOOK 15
300 _a200P
942 _cBK
999 _c7571
_d7571